00800nam a2200217Ia 4500003000900000008004100009020001600050040001600066080001500082100002600097245012000123260002600243300001400269490007200283650004100355650002900396650001600425942000700441999001500448952011900463IN-BaIIA211028s9999 xx 000 0 eng d a471-36320-0 cIIA Library a524.1bHAY aHayakawa, Satio96304 0aCosmic ray physicsbnuclear and astrophysical aspectscSatio Hayakawa  aNew YorkbWileyc1969 axi, 774p. aInterscience monographs and texts in physics and astronomy; v. XXII aAstronomy and astrophysics thesaurus aCosmic ray physics92919 aCosmic rays cBK c3562d3562 00104070aBANbBANcGENd1970-07-28g284.40l0o524.1/ HAYp3977r2021-11-05v284.40w1970-07-28yBKGRs. 284.40